00600nam a2200193Ia 4500001001000000003000500010008004100015010001100056040000900067082001900076100002000095245004800115260006200163300001300225440001800238500004600256650006400302710004000366Para_7880CHAP220125s1913 xx 000 0 und d a206829 cCHAP aPA-C 595.75 H4 aHartzell, F. Z. aThe grape leaf hopper /c by F. Z. Hartzell aGenneva, N. Y. :b Agricultural Experiment Station, 1913 a31-51 p. aHemiptera ; 7 aEncuadernado con otros impresos similares ax Hemípteros x colecciones de escritos / x Leafhoppers aNew York. Agr. Exp. Sta. Bull.; 359